Extrakcia biologicky aktívnych látok z vybraných druhov biomasy
Guardado en:
| Autor principal: | |
|---|---|
| Otros Autores: | |
| Formato: | Manuscrito Libro |
| Lenguaje: | eslovaco |
| Publicado: |
2023
|
| Materias: | |
| Acceso en línea: | http://is.stuba.sk/zp/portal_zp.pl?podrobnosti=170252 |
| Etiquetas: |
Sin Etiquetas, Sea el primero en etiquetar este registro!
|
MARC
| LEADER | 00000ntm a22000003a 4500 | ||
|---|---|---|---|
| 001 | stuzp93223 | ||
| 003 | SK-STU | ||
| 005 | 20230909214349.9 | ||
| 007 | ta | ||
| 008 | 150427s2015----xo-----f-mn---000-0-slo-d | ||
| 040 | |a STU |b slo | ||
| 041 | 0 | |a slo | |
| 100 | 1 | |a Smatanová, Dominika |u 049380 |k Z3 |4 aut |U FCHPT Ústav prírodných a syntetických polymérov |T FCHPT Oddelenie dreva, celulózy a papiera |X 99082 |U C9380 |Y 129 |7 99082 | |
| 242 | 0 | 1 | |a Extraction of biologically active substances from selected types of biomass |y eng |
| 245 | 1 | 0 | |a Extrakcia biologicky aktívnych látok z vybraných druhov biomasy |
| 260 | |c 2023 | ||
| 650 | 4 | |a smrek obyčajný |2 slo | |
| 650 | 4 | |a islandský lišajník |2 slo | |
| 650 | 4 | |a extrakcia |2 slo | |
| 650 | 4 | |a norwy spruce |2 eng | |
| 650 | 4 | |a icelandic moss |2 eng | |
| 650 | 4 | |a extraction |2 eng | |
| 700 | 1 | |a Ház, Aleš |u 049380 |k Z2 |4 ths |U FCHPT Ústav prírodných a syntetických polymérov |T FCHPT Oddelenie dreva, celulózy a papiera |X 22008 |U C9380 |Y 129 |7 A000022008 | |
| 856 | 4 | |u http://is.stuba.sk/zp/portal_zp.pl?podrobnosti=170252 | |